000 01511nam a2200361 a 4500
001 0000371
003 DO-SdBNP
005 20180309125740.0
007 0000371
008 150817s2012 ac 000 spa d
020 _a9789945116229 (v. 2)
040 _aBPMSU
_bspa
_cBPMSU
092 _a372.61
_bI37e, 1ro. 2012
100 _aIncháustegui, María Isabel
245 1 0 _aEspañol 1 /
_beducación básica
_cMaría Isabel Incháustegui ; ilustración Ruddy Núñez ; dirección editorial Obdulia García de Escobar
260 _aSanto Domingo :
_bSantillana,
_c2012.
300 _av. :
_bil. retrs.
_c30 cm.
490 1 _aInnova
500 _aLa biblioteca solamente posee la guía.
505 1 _tBienvenidos a primero --
_tPaula en el país de los pumas --
_tLos dos ratones --
_tJuan sin miedo --
_tUn árbol de navidad --
_tAlí Babá y los cuarenta ladrones --
_tEl erizo y el conejo --
_tLos músicos de Bremen --
_tEl león y la cabra --
_tLa planta más hermosa --
_tLa flautista prodigiosa --
_tApéndice --
650 _aGRAMÁTICA
_xENSEÑANZA BÁSICA
650 _aGRAMÁTICA
_xEDUCACIÓN PRIMARIA
650 _aEDUCACIÓN PRIMARIA
_zREPÚBLICA DOMINICANA
650 _aGRAMÁTICA
_xLIBROS DE TEXTO
650 _aGRAMÁTICA
_xESTUDIOS Y EJERCICIOS
700 1 _aNúñez, Ruddy
_eil.
700 1 _aGarcía de Escobar, Obdulia
_edir. ed.
830 0 _pInnova
910 _a00144
942 _2ddc
_cBK
945 _aRemanejado para la BNPHU / 2018 BT
956 _aYngrid Lockward
_b10
999 _c10001
_d10001